<?xml version="1.0" encoding="UTF-8"?>
<record
    xmlns:xsi="http://www.w3.org/2001/XMLSchema-instance"
    xsi:schemaLocation="http://www.loc.gov/MARC21/slim http://www.loc.gov/standards/marcxml/schema/MARC21slim.xsd"
    xmlns="http://www.loc.gov/MARC21/slim">

  <leader>00408nam a2200145Ia 4500</leader>
  <controlfield tag="008">230411s9999    xx            000 0 und d</controlfield>
  <datafield tag="020" ind1=" " ind2=" ">
    <subfield code="a">0-7216-3669-1</subfield>
  </datafield>
  <datafield tag="041" ind1=" " ind2=" ">
    <subfield code="a">eng</subfield>
  </datafield>
  <datafield tag="082" ind1=" " ind2=" ">
    <subfield code="a">DI/616.2/FRA/PAR/B06330</subfield>
  </datafield>
  <datafield tag="100" ind1=" " ind2=" ">
    <subfield code="a">Fraser Richard &amp; Pare J</subfield>
    <subfield code="9">179079</subfield>
  </datafield>
  <datafield tag="245" ind1=" " ind2=" ">
    <subfield code="a">Synopsis of Diseases of the Chest</subfield>
  </datafield>
  <datafield tag="260" ind1=" " ind2=" ">
    <subfield code="b">W B Saunders Company</subfield>
    <subfield code="a">Philadelphia</subfield>
    <subfield code="c">1994</subfield>
  </datafield>
  <datafield tag="300" ind1=" " ind2=" ">
    <subfield code="a">1020p</subfield>
  </datafield>
  <datafield tag="999" ind1=" " ind2=" ">
    <subfield code="c">156745</subfield>
    <subfield code="d">156745</subfield>
  </datafield>
  <datafield tag="952" ind1=" " ind2=" ">
    <subfield code="0">0</subfield>
    <subfield code="1">0</subfield>
    <subfield code="4">0</subfield>
    <subfield code="7">0</subfield>
    <subfield code="8">DI</subfield>
    <subfield code="a">BTIN</subfield>
    <subfield code="b">BTIN</subfield>
    <subfield code="d">2010-06-30</subfield>
    <subfield code="e">A.D.Kansara Pune.</subfield>
    <subfield code="g">1000.00</subfield>
    <subfield code="i">31</subfield>
    <subfield code="l">0</subfield>
    <subfield code="o">DI 616.2 FRA PAR B06330</subfield>
    <subfield code="p">BTIN-BK-6330</subfield>
    <subfield code="r">2023-04-11 00:00:00</subfield>
    <subfield code="v">1000.00</subfield>
    <subfield code="w">2010-06-30</subfield>
    <subfield code="y">BK</subfield>
    <subfield code="z">B06330</subfield>
  </datafield>
</record>
